00562 2200181 4500245004300000020002200043250001100065100001700076700001700093650002000110005001900130260003300149041001400182084000800196300002300204500014400227336000900371 aNamamu dalam DoakucAndaru IntanhText a978-602-255-991-7 aCet. 1 aAndaru Intan aAris Pradana aNovel Indonesia a20240520100304 aYogyakartabDIVA Pressc2015 aIndonesia a813 a248 hlm. :c20 cm. aNamanya selalu kusebut dalam doaku. Sebuah doa yang makin hari makin memanjang... sebuah doa sederhana sebagai pengganti rinduku kepadanya. atext